00606nam a2200205 a 450000100100000000500170001000800410002702000150006804000250008308200180010810000190012624500870014526000470023230000210027949000160030065000210031665000250033770000220036283000160038400002330320200930022126.0101201s1998 ck 000 0 spa d a9582003847 aDO-SdBNPbspacBNPHU a153.35bP116c1 aPacheco, Julia10aConstruyendo imaginarios :btalleres creativos /cJulia Pacheco, Mary Luz Pacheco. aSanta Fe de Bogotá :bMagisterio,c1998. a110 p. ;c24 cm.1 aAula Alegre 4aAptitud creadora 4aPensamiento creativo1 aPacheco, Mary Luz 0aAula Alegre